.Net Domain-Driven Design with C#/ (Record no. 35715)
[ view plain ]
| 000 -LEADER | |
|---|---|
| fixed length control field | 00523nam a22001697a 4500 |
| 005 - DATE AND TIME OF LATEST TRANSACTION | |
| control field | 20240508100223.0 |
| 008 - FIXED-LENGTH DATA ELEMENTS--GENERAL INFORMATION | |
| fixed length control field | 240508b |||||||| |||| 00| 0 eng d |
| 020 ## - INTERNATIONAL STANDARD BOOK NUMBER | |
| ISBN | 978-0-470-14756-6 |
| 082 ## - DEWEY DECIMAL CLASSIFICATION NUMBER | |
| Classification number | 005.1 |
| Item number | MCC-N |
| 100 ## - MAIN ENTRY--AUTHOR | |
| Author Name | McCarthy, Tim |
| 245 ## - TITLE STATEMENT | |
| Title | .Net Domain-Driven Design with C#/ |
| Remainder of title | Problem-Design-Solution/ |
| Statement of responsibility, etc. | Tim McCarthy |
| 260 ## - PUBLICATION, DISTRIBUTION, ETC. | |
| Place of Publication | Indiana; |
| Name of publisher, distributor, etc. | Wiley Publishing, Inc; |
| Date of publication, distribution, etc. | 2008. |
| 300 ## - PHYSICAL DESCRIPTION | |
| Pages | xxi,408 p.: |
| 500 ## - GENERAL NOTE | |
| General note | Include index. |
| 650 ## - SUBJECT ADDED ENTRY--TOPICAL TERM | |
| Subject / Department | Computer Science/Computer Programming |
| 300 ## - PHYSICAL DESCRIPTION | |
| -- | ill; |
| -- | 23 cm. |
| 952 ## - LOCATION AND ITEM INFORMATION (KOHA) | |
| -- | 0 |
| -- | 0 |
| Lost status | Damaged status | Collection code | Permanent Location | Current Location | Date acquired | Full Call Number | Accession No./Barcode | Date last seen | item type | Koha item type |
|---|---|---|---|---|---|---|---|---|---|---|
| CS/IT | Superior Information Resource Center (SIRC) Superior University - City Campus | Superior Information Resource Center (SIRC) Superior University - City Campus | 05/08/2024 | 005.1 MCC-N 2008 | 14351 | 05/08/2024 | BOOK | BOOK |
